Statystyki dla Stolice Azji (Bardzo Trudne)

Kliknij tutaj aby rozwiązać quiz!

Ogólne statystyki

  • Ten quiz został rozwiązany 52 razy
    (12 od ostatniego zresetowania)
  • Średni wynik to 47 z 72

Statystyki odpowiedzi

KrajStolica% Poprawnych
OmanMaskat
100%
Zjednoczone Emiraty ArabskieAbu Zabi
83%
JordaniaAmman
83%
TurcjaAnkara
83%
KazachstanAstana
83%
TurkmenistanAszchabad
83%
IrakBagdad
83%
AzerbejdżanBaku
83%
TajlandiaBangkok
83%
LibanBejrut
83%
KirgistanBiszkek
83%
SyriaDamaszek
83%
BangladeszDhaka
83%
Timor WschodniDili
83%
KatarDoha
83%
TadżykistanDuszanbe
83%
IndonezjaDżakarta
83%
ArmeniaErywań
83%
WietnamHanoi
83%
Hong KongHong Kong
83%
PakistanIslamabad
83%
IzraelJerozolima
83%
AfganistanKabul
83%
EgiptKair
83%
NepalKatmandu
83%
MalezjaKuala Lumpur
83%
KuwejtKuwejt
83%
MalediwyMale
83%
FilipinyManila
83%
RosjaMoskwa
83%
MjanmaNaypyidaw
83%
CyprNikozja
83%
IndieNowe Delhi
83%
ChinyPekin
83%
KambodżaPhnom Penh
83%
Korea PółnocnaPjongjang
83%
Arabia SaudyjskaRijad
83%
JemenSana
83%
Korea PołudniowaSeul
83%
SingapurSingapur
83%
Sri LankaSri Dźajawardanapura Kotte
83%
TajwanTajpej
83%
UzbekistanTaszkent
83%
GruzjaTbilisi
83%
IranTeheran
83%
BhutanThimphu
83%
JaponiaTokio
83%
MongoliaUłan Bator
83%
LaosWientian
83%
BruneiBandar Seri Begawan
67%
MakauMakau
50%
BahrajnManama
50%
Cypr PółnocnyNikozja
50%
Osetia PołudniowaCchinwali
33%
Wyspy Bożego NarodzeniaFlying Fish Cove
33%
KurdystanIrbil / Kirkuk
33%
PalestynaRamallah
33%
AbchazjaSuchumi
33%
Wyspy KokosoweWest Island
33%
ChakasjaAbakan
17%
AdżariaBatumi
17%
Górski BadachszanChorog
17%
Brytyjskie Terytorium
Oceanu Indyjskiego
Diego Garcia
17%
Republika AłtajuGornoałtajsk
17%
JakucjaJakuck
17%
TuwaKyzył
17%
Tybetański Region AutonomicznyLhasa
17%
OkinawaNaha
17%
KarakałpacjaNukus
17%
HokkaidoSapporo
17%
BuriacjaUłan Ude
17%
SinciangUrumczi
17%

Rozkład punktacji

Percentyl według liczby udzielonych odpowiedzi

Procent ludzi z każdym wynikiem

Twoja historia wyników

Nie rozwiązałeś tego quizu od ostatniego zresetowania